| 000 | 00713nam a2200241 a 4500 | ||
|---|---|---|---|
| 001 | 2913339 | ||
| 003 | OSt | ||
| 005 | 20180116183021.0 | ||
| 008 | 880815r1988 nyu 000 1 eng | ||
| 010 | _a 88091467 | ||
| 020 |
_a0345357019 : _c$7.95 ($10.95 Can.) |
||
| 040 |
_aDLC _cDLC _dDLC |
||
| 050 | 0 | 0 |
_aPR6056.O846 _bR66 1988 |
| 082 | 0 | 0 |
_a823.914 FOW 1988 _220 |
| 100 | 1 | _aFowler, Christopher. | |
| 245 | 1 | 0 |
_aRoofworld _cChristopher Fowler. |
| 250 | _a1st American ed. | ||
| 260 |
_aNew York : _bBallantine Books, _cc1988. |
||
| 300 |
_a333 p. ; _c21 cm. |
||
| 906 |
_a7 _bcbc _corignew _d3 _eopcn _f19 _gy-gencatlg |
||
| 942 |
_2ddc _cBK |
||
| 999 |
_c350596 _d350596 |
||